[Event "13th Open"]
[Site "Voronezh RUS"]
[Date "2009.06.12"]
[Round "1"]
[White "Bodnaruk,A"]
[Black "Saduakassova,D"]
[Result "1-0"]
[WhiteElo "2373"]
[BlackElo "1916"]

1.e4 c5 2.Nc3 Nc6 3.Nge2 e5 4.Nd5 g6 5.Nec3 d6 6.Nb5 Rb8 7.Nbc7+ Kd7 8.d4 Qh4
9.dxc5 Qxe4+ 10.Be3 Nd4 11.Rc1 Bh6 12.c3 Bxe3 13.Qa4+ b5 14.cxb6 Nc6 15.Qxe4 Bxc1
16.Bb5 Bb7 17.bxa7 Rf8 18.a8=Q Bxa8 19.Nxa8 Rxa8 20.Nb6+  1-0

[Event "13th FIDE Open"]
[Site "Voronezh RUS"]
[Date "2009.06.12"]
[Round "1"]
[White "Ponomariov,T"]
[Black "Gerasko,V"]
[Result "1-0"]
[WhiteElo "2292"]
[BlackElo "2030"]

1.e4 c5 2.Nf3 Nc6 3.Nc3 g6 4.d4 cxd4 5.Nxd4 Bg7 6.Nde2 Nf6 7.g3 O-O 8.Bg2 d6
9.O-O Bg4 10.h3 Bd7 11.Nd5 Rc8 12.a4 b6 13.Bg5 Ne8 14.Qc1 Ne5 15.Bxe7 Nf6
16.Bxd8 Rcxd8 17.Nxf6+ Bxf6 18.f4 Nc4 19.Ra2 Rfe8 20.b3 Na5 21.Qd1 Kg7 22.c4 h6
23.Rd2 Bxa4 24.e5 dxe5 25.fxe5 Bg5 26.Rxd8 Rxd8 27.Qxd8 Bxd8 28.bxa4  1-0

[Event "FSIMA June"]
[Site "Budapest HUN"]
[Date "2009.06.13"]
[Round "8"]
[White "Lyell,M"]
[Black "Halvax,G"]
[Result "1-0"]
[WhiteElo "2300"]
[BlackElo "2231"]

1.e4 c5 2.Nc3 Nc6 3.Bb5 g6 4.Bxc6 dxc6 5.f4 Bg7 6.d3 e5 7.fxe5 Bxe5 8.Nf3 Bg4
9.O-O Ne7 10.h3 Bxf3 11.Qxf3 O-O 12.Bh6 Qd4+ 13.Kh1 Bg7 14.Bxg7 Kxg7 15.e5 Nf5
16.Rae1 h5 17.Re4 Qd8 18.Rf4 Qd7 19.Ne4 Nd4 20.Nxc5 Qe7 21.Rxd4 Qxc5 22.Qf6+ Kh6
23.Qf4+  1-0

[Event "Open"]
[Site "Varna BUL"]
[Date "2009.06.13"]
[Round "2"]
[White "Sadzikowski,D"]
[Black "Malinarski,Y"]
[Result "1-0"]
[WhiteElo "2280"]
[BlackElo "2101"]

1.e4 c5 2.Nc3 Nc6 3.Nf3 d6 4.d4 cxd4 5.Nxd4 Nf6 6.Bg5 e6 7.Qd2 Be7 8.O-O-O O-O
9.f4 a6 10.Kb1 Bd7 11.g3 Rc8 12.Nb3 Rc7 13.Bxf6 gxf6 14.Ne2 Rc8 15.Nbd4 Nxd4
16.Nxd4 f5 17.exf5 e5 18.fxe5 dxe5 19.Bd3 f6 20.Rhe1 Qe8  1-0

[Event "13th FIDE Open"]
[Site "Voronezh RUS"]
[Date "2009.06.13"]
[Round "2"]
[White "Kostrikina,A"]
[Black "Andreev,Vo"]
[Result "1-0"]
[WhiteElo "2131"]
[BlackElo "1950"]

1.e4 c5 2.Nf3 Nc6 3.Nc3 a6 4.d4 cxd4 5.Nxd4 e6 6.Be3 d6 7.Be2 Nf6 8.O-O Be7
9.f4 Bd7 10.Nb3 b5 11.a3 O-O 12.Bd3 e5 13.Nd5 Be6 14.Kh1 Rb8 15.fxe5 Nxe5
16.Nxe7+ Qxe7 17.Nd4 Nfg4 18.Bg1 Rbc8 19.a4 Bd7 20.axb5 Bxb5 21.Bxb5 axb5
22.Nxb5 Qh4 23.Nxd6 Rcd8 24.Nf5 Qg5 25.Qe1 g6 26.Ne3 h5 27.Ra7 h4 28.Nxg4 Nxg4
29.h3 Nf6 30.Be3 Qe5 31.Qxh4 Nxe4 32.Bf4 Qd4 33.Raa1 Rd5 34.c3 Qh8 35.Qxh8+ Kxh8
36.Kh2 g5 37.Be3 f5 38.Ra7 f4 39.Bd4+ Nf6 40.g3 fxg3+ 41.Kg2 Rd6 42.Rxf6 Rfxf6
43.Bxf6+ Rxf6 44.Kxg3 Rb6 45.b4 Rc6 46.Ra3 Rc4  1-0

[Event "XLIV Capablanca Memorial Open"]
[Site "Havana CUB"]
[Date "2009.06.14"]
[Round "6"]
[White "Blanco,H"]
[Black "Prasca Sosa,R"]
[Result "1/2-1/2"]
[WhiteElo "2440"]
[BlackElo "2415"]

1.e4 c5 2.Nf3 Nc6 3.Nc3 e5 4.Bc4 Be7 5.d3 d6 6.Nd2 Bg5 7.h4 Bh6 8.Qh5 g6
9.Qd1 Nf6 10.Nf1 Bxc1 11.Qxc1 Be6 12.Qh6 Qe7 13.Ne3 O-O-O 14.O-O Nd4 15.f4 Nh5
16.fxe5 dxe5 17.Qg5 f6 18.Qh6 Bxc4 19.dxc4 f5 20.exf5 Qxh4 21.f6 Qg3 22.Ned5 e4
23.Qe3 Nf3+ 24.Rxf3 exf3 25.Qxf3 Qxf3 26.gxf3 Rhf8 27.Ne4 b6 28.a4 Kb7 29.Kf2 Kc6
30.Rg1 Rfe8  1/2-1/2

[Event "13th Open"]
[Site "Voronezh RUS"]
[Date "2009.06.14"]
[Round "3"]
[White "Solodovnichenko,Y"]
[Black "Kovalevskaya,E"]
[Result "1-0"]
[WhiteElo "2564"]
[BlackElo "2450"]

1.e4 c5 2.Nc3 Nc6 3.Nge2 e5 4.Nd5 Nce7 5.Nec3 Nxd5 6.Nxd5 Nf6 7.Bc4 Be7 8.d3 d6
9.Nxe7 Qxe7 10.Bg5 O-O 11.f4 exf4 12.O-O h6 13.Bxf4 Be6 14.e5 dxe5 15.Bxe5 Nd5
16.Re1 Rad8 17.Qf3 Qg5 18.a3 Qg4 19.Qf2 b6 20.Re4 Qg6 21.Rae1 Bf5 22.Rh4 Rfe8
23.Qf3 Nf6 24.Rf4 Be6 25.Bxf6 Bxc4 26.Rxe8+ Rxe8 27.Rg4  1-0

[Event "Municipality Cup"]
[Site "Tbilisi GEO"]
[Date "2009.06.16"]
[Round "2"]
[White "Babujian,L"]
[Black "Ter Karapetian,Ar"]
[Result "1-0"]
[WhiteElo "2506"]
[BlackElo "2108"]

1.e4 c5 2.Nc3 Nc6 3.Bb5 g6 4.Bxc6 dxc6 5.d3 Bg7 6.Nge2 Nf6 7.O-O O-O 8.h3 b5
9.Be3 Nd7 10.Qd2 Re8 11.f4 e6 12.Rae1 a5 13.f5 Qe7 14.Bh6 Bf6 15.fxe6 Qxe6
16.Qf4 a4 17.b3 Ra7 18.Kh1 Be5 19.Qh4 Qd6 20.Nd1 axb3 21.axb3 Nf8 22.Ne3 Be6
23.Bf4 Nd7 24.Bxe5 Qxe5 25.Ng1 Qc3 26.Nf3 Nf8 27.Ng5 f6 28.Nxe6 Rxe6 29.Ng4 Kg7
30.e5 f5 31.Qh6+ Kf7 32.Nf6 Rxe5 33.Nxh7 Rxe1 34.Qxf8+ Ke6 35.Qe8+ Re7 36.Nf8+ Kf6
37.Qxg6+ Ke5 38.Nd7+ Kd5 39.Nb6+ Kd4 40.Qd6+  1-0

[Event "Open"]
[Site "Varna BUL"]
[Date "2009.06.16"]
[Round "6"]
[White "Sadzikowski,D"]
[Black "Sychev,K"]
[Result "1/2-1/2"]
[WhiteElo "2280"]
[BlackElo "2126"]

1.e4 c5 2.Nc3 Nc6 3.Nf3 d6 4.d4 cxd4 5.Nxd4 Nf6 6.Bg5 e6 7.Qd2 Be7 8.O-O-O a6
9.f4 Qc7 10.Bxf6 gxf6 11.Be2 h5 12.Bf3 Bd7 13.Qe2 h4 14.f5 O-O-O 15.Kb1 Kb8
16.Rhe1 Rhg8 17.Nxc6+ Bxc6 18.Nd5 exd5 19.exd5 Ba4 20.Rd4 Bd7 21.Rxh4 Rc8
22.Re4 Bf8 23.g4 Bb5 24.Qd2 Rh8 25.a4 Bd7 26.c3 Bh6 27.Qg2 Qc5 28.h4 Rhg8
29.Qf1 a5 30.Qd3 Qb6 31.Ka2 Rc7 32.Rd4 Qa6 33.Qxa6 bxa6 34.Re7 Rf8 35.Be2 Bc8
36.Rxc7 Kxc7 37.Rc4+ Kd7 38.Re4 Bb7 39.c4 Re8 40.Rxe8 Kxe8 41.b3 Kd7 42.Kb2 Kc7
43.Kc3 Kb6 44.Kd4 Bc8 45.h5 Bd7 46.Bd1  1/2-1/2

[Event "13th FIDE Open"]
[Site "Voronezh RUS"]
[Date "2009.06.16"]
[Round "5"]
[White "Demikhov,V"]
[Black "Skorobogatykh,A"]
[Result "1-0"]
[WhiteElo "2141"]
[BlackElo "1919"]

1.e4 c5 2.Nc3 Nc6 3.Bb5 a6 4.Bxc6 dxc6 5.d3 e5 6.Nf3 Bd6 7.a4 a5 8.Be3 Ne7
9.h3 Bd7 10.Qd2 Qc7 11.O-O O-O 12.Nh4 Rad8 13.Ne2 f5 14.exf5 Nxf5 15.Nxf5 Bxf5
16.Qc3 Qe7 17.Ng3 e4 18.Nxf5 Rxf5 19.Qc4+ Kh8 20.dxe4 Qh4 21.Rad1 Rf3 22.Qe6 Rf6
23.Qg4 Qxg4 24.hxg4 Rdf8 25.f4 Be7 26.Rd7 Bd6 27.g5 R8f7 28.gxf6 Rxd7 29.Rd1 gxf6
30.e5 fxe5 31.fxe5 Re7 32.exd6  1-0

[Event "13th Master Open"]
[Site "Voronezh RUS"]
[Date "2009.06.16"]
[Round "5"]
[White "Tseshkovsky,V"]
[Black "Lutsko,I"]
[Result "0-1"]
[WhiteElo "2554"]
[BlackElo "2371"]

1.e4 c5 2.Nc3 Nc6 3.Bb5 Nd4 4.Bc4 e6 5.Nge2 Nf6 6.O-O Nc6 7.d4 a6 8.a3 cxd4
9.Nxd4 Qc7 10.Nxc6 bxc6 11.f4 d5 12.e5 Nd7 13.Bd3 c5 14.b3 Bb7 15.Kh1 g6
16.Qe2 Bg7 17.Nd1 O-O 18.Nf2 f6 19.exf6 Nxf6 20.Qxe6+ Rf7 21.Rb1 Re8 22.Qh3 Bc8
23.Qf3 c4 24.Be2 Rfe7 25.Bd1 Re1 26.Kg1 c3 27.g4 d4 28.Qg2 a5 29.Nd3 Rxd1
30.Rxd1 Bb7 31.Qh3 Re2 32.Re1 Rxc2 33.g5 Qc6 34.Qe6+ Qxe6 35.Rxe6 Rg2+ 36.Kf1 Ng4
37.h3 Nh2+ 38.Ke1 Nf3+ 39.Kf1 Nh2+ 40.Ke1 Bd5 41.Re2 Rg1+ 42.Kf2 Rf1+ 43.Kg3 Nf3
44.Re8+ Kf7 45.Rd8 Be4 46.Rd7+ Ke8 47.Rxg7 Bxd3 48.Ra1 Ne1 49.Rxh7 Rf3+  0-1

[Event "XLIV Capablanca Memorial Open"]
[Site "Havana CUB"]
[Date "2009.06.17"]
[Round "9"]
[White "Borges Feria,Y"]
[Black "Gallego Alcaraz,A"]
[Result "1/2-1/2"]
[WhiteElo "2400"]
[BlackElo "2373"]

1.e4 c5 2.Nc3 Nc6 3.Nge2 d6 4.g3 g6 5.d4 cxd4 6.Nxd4 Nf6 7.Bg2 Bd7 8.Nde2 Bg7
9.O-O O-O 10.h3 Rb8 11.a4 a6 12.Be3 b5 13.axb5 axb5 14.Nd5 Ne8 15.Nd4 Nc7
16.Nxc6 Bxc6 17.Nb4 Bb7 18.c3 Ra8 19.Qd2 Ne6 20.Qe2 Qd7 21.Rfd1 Rxa1 22.Rxa1 Nc5
23.Ra7 Ra8 24.Rxa8+ Bxa8 25.Nd5 Bc6 26.e5 Kf8 27.exd6 Qxd6 28.Nb4 Be8 29.Bxc5 Qxc5
30.Na6 Qd6 31.Nb4 Bh6 32.h4 e6 33.Qd3 Ke7 34.Kf1 Qxd3+ 35.Nxd3 Kd6 36.Ke2 e5
37.f4 exf4 38.Nxf4 Bg7 39.Ke3 Be5 40.Be4 Bd7 41.Bd3 h6 42.Ne2 Kc5 43.b4+ Kd5
44.Nf4+ Kd6 45.c4 bxc4 46.Bxc4 g5 47.hxg5 hxg5 48.Bxf7 gxf4+ 49.gxf4  1/2-1/2

[Event "Municipality Cup"]
[Site "Tbilisi GEO"]
[Date "2009.06.17"]
[Round "3"]
[White "Shanava,K"]
[Black "Tsereteli,T"]
[Result "1-0"]
[WhiteElo "2506"]
[BlackElo "2365"]

1.e4 c5 2.Nf3 Nc6 3.Nc3 Nf6 4.Bb5 e6 5.e5 Nd5 6.Bxc6 dxc6 7.Ne4 Be7 8.d3 O-O
9.h4 f5 10.Ng3 b5 11.Qe2 a5 12.Bd2 a4 13.Nh5 c4 14.Ng5 h6 15.Nf3 a3 16.b3 Qe8
17.Nf4 Nxf4 18.Bxf4 Bb4+ 19.Bd2 Bxd2+ 20.Qxd2 c5 21.dxc4 bxc4 22.O-O Bb7
23.Qf4 Qc6 24.Rfd1 Qe4 25.Qxe4 Bxe4 26.Rac1 Rfd8 27.Nd2 c3 28.Nxe4 fxe4 29.Rd6 Rxd6
30.exd6 Rd8 31.Rd1 Kf7 32.Kf1 Rd7 33.Ke2 Kf6 34.Ke3 Ke5 35.h5 Kf5 36.g3 Ke5
37.g4 Rxd6 38.Rxd6 Kxd6 39.Kxe4 e5 40.Kd3 Kd5 41.f3 Ke6 42.Kxc3  1-0

[Event "Open"]
[Site "Teplice CZE"]
[Date "2009.06.17"]
[Round "5"]
[White "Jurcik,Mart"]
[Black "Olsarova,T"]
[Result "1-0"]
[WhiteElo "2331"]
[BlackElo "2106"]

1.e4 c5 2.Nf3 Nc6 3.Nc3 Nf6 4.Bb5 Qc7 5.O-O Nd4 6.Re1 a6 7.Bf1 e5 8.Nd5 Nxd5
9.exd5 d6 10.c3 Nxf3+ 11.Qxf3 Be7 12.d4 cxd4 13.cxd4 O-O 14.dxe5 dxe5 15.b3 Bd6
16.Bb2 f6 17.Rac1 Qf7 18.Bd3 Bd7 19.Qe3 Kh8 20.Bb1 Rfe8 21.Qb6 Qe7 22.Rc4 f5
23.f3 e4 24.g3 Bb5 25.Rcc1 Bb8 26.Qe3 Rf8 27.a4 Bd7 28.Bd4 Bd6 29.Qe2 f4
30.Qxe4 Qxe4 31.fxe4 fxg3 32.e5 Bb4 33.Rf1 gxh2+ 34.Kxh2 Rfd8 35.Be4 Be6
36.Rc4 Be7 37.dxe6  1-0

[Event "XXVII Open A"]
[Site "Balatonlelle HUN"]
[Date "2009.06.18"]
[Round "6"]
[White "Erdelyi,Z"]
[Black "Antoniewski,R"]
[Result "0-1"]
[WhiteElo "2370"]
[BlackElo "2517"]

1.e4 c5 2.Nf3 Nc6 3.Nc3 d6 4.d4 cxd4 5.Nxd4 e5 6.Nde2 Be7 7.g3 Nf6 8.Bg2 O-O
9.O-O Rb8 10.a4 Be6 11.h3 Qc8 12.Kh2 Nb4 13.Be3 a6 14.Bb6 Qc6 15.a5 Bd8 16.Ba7 Ra8
17.Be3 b6 18.Bxb6 Bxb6 19.axb6 Qxb6 20.Na4 Qc7 21.Nec3 Rfd8 22.Qd2 Rab8 23.Rfc1 Qc6
24.Qe2 Bc4 25.Qe3 Be6 26.Qe2 h6 27.b3 Rdc8 28.Rab1 Ne8 29.Nd5 Nxd5 30.exd5 Bxd5
31.Bxd5 Qxd5 32.Qxa6 Qd2 33.Qa7 Nf6 34.Nb2 d5 35.Nd3 d4 36.Rd1 Qxc2 37.Rbc1 Qe2
38.Rc7 Ra8 39.Rxc8+ Rxc8 40.Qa6 Rc3  0-1

[Event "XLIV Capablanca Memorial Open"]
[Site "Havana CUB"]
[Date "2009.06.18"]
[Round "10"]
[White "Martinez,Lel"]
[Black "Gallego Alcaraz,A"]
[Result "1/2-1/2"]
[WhiteElo "2520"]
[BlackElo "2373"]

1.e4 c5 2.Nf3 Nc6 3.Nc3 d6 4.d4 cxd4 5.Nxd4 Nf6 6.Bg5 e6 7.Bb5 Bd7 8.Bxc6 bxc6
9.Qf3 Qb6 10.O-O-O Be7 11.e5 dxe5 12.Nb3 Rd8 13.Bxf6 gxf6 14.Ne4 f5 15.Nd6+ Bxd6
16.Rxd6 Ke7 17.Rd2 Bc8 18.Qg3 Rxd2 19.Qg5+ Kf8 20.Nxd2 Rg8 21.Qh6+ Ke7 22.Qh4+ Kf8
23.Qh6+ Ke7 24.Qxh7 Rxg2 25.Qh4+ Kf8 26.Qh8+ Rg8 27.Qh6+ Ke7 28.Qh7 Kf8  1/2-1/2

[Event "XLIV Capablanca Memorial Open"]
[Site "Havana CUB"]
[Date "2009.06.18"]
[Round "10"]
[White "Guerra Mojena,L"]
[Black "Trujillo Villega,P"]
[Result "1-0"]
[WhiteElo "2252"]
[BlackElo "2209"]

1.e4 c5 2.Nf3 Nc6 3.Nc3 g6 4.d4 cxd4 5.Nxd4 Bg7 6.Be3 Nf6 7.Bc4 Qa5 8.O-O O-O
9.Bb3 d6 10.h3 Qh5 11.Qd2 Bd7 12.f4 b5 13.Nxc6 Bxc6 14.Qd3 a5 15.a4 b4 16.Nd5 Nxd5
17.exd5 Bb7 18.Rfe1 Bxb2 19.Rab1 Bc3 20.Bd2 Ba6 21.Qe3 Bxd2 22.Qxd2 Qh4 23.Re4 Rfe8
24.Rbe1 Qf6 25.Qe3 Kf8 26.Kh1 h6 27.Qb6 h5 28.Qf2 Bc8 29.Qb6 Bf5 30.R4e2 Qc3
31.Qf2 Rac8 32.Kh2 Qf6 33.Qb6 Rc3 34.Qf2 h4 35.Re3 Rxe3 36.Rxe3 Rc8 37.Kh1 Rc3
38.Rxc3 bxc3 39.Qe3 Kg7 40.Qb6 Be4 41.Qe3 Bf5 42.Qb6 g5 43.Qe3 g4 44.hxg4 Bxg4
45.Bc4 Bf5 46.Bb3 Kh6 47.Qe2 e6 48.Qf2 Be4 49.dxe6 fxe6 50.Qe3 Qf5 51.Bxe6 Bxg2+
52.Kxg2 Qxc2+ 53.Kh3 Qxa4 54.f5+ Kh7 55.Qg5 Qe8 56.Kxh4 Qf8 57.Qg6+ Kh8 58.f6  1-0

[Event "13th Master Open"]
[Site "Voronezh RUS"]
[Date "2009.06.18"]
[Round "7"]
[White "Vastrukhin,O"]
[Black "Agaragimov,D"]
[Result "1-0"]
[WhiteElo "2300"]
[BlackElo "2370"]

1.e4 c5 2.Nc3 Nc6 3.Nge2 g6 4.d3 Bg7 5.Be3 d6 6.Qd2 Rb8 7.g3 b5 8.Bg2 e5
9.O-O Nge7 10.f4 Nd4 11.Rae1 O-O 12.Nd1 b4 13.Nc1 Qb6 14.fxe5 dxe5 15.c3 bxc3
16.bxc3 Ne6 17.Nb3 Ba6 18.c4 Rbd8 19.Nb2 Qc7 20.Qa5 Qxa5 21.Nxa5 Rd6 22.Nb3 Rb8
23.Rf2 f5 24.Bh3 Nd4 25.Nxc5 Bc8 26.Bf1 Nec6 27.Nba4 Bf8 28.Nc3  1-0

[Event "13th FIDE Open"]
[Site "Voronezh RUS"]
[Date "2009.06.19"]
[Round "8"]
[White "Magrifin,I"]
[Black "Polyansky,V"]
[Result "0-1"]
[WhiteElo "2187"]
[BlackElo "2027"]

1.e4 c5 2.Nc3 Nc6 3.Nf3 e6 4.g3 Nf6 5.Bg2 e5 6.d3 h6 7.O-O d6 8.h3 Rb8 9.Be3 b5
10.Nd2 g6 11.Kh2 Bg7 12.f4 exf4 13.Bxf4 Nh5 14.Rb1 Nxf4 15.gxf4 O-O 16.Nf3 Ne7
17.d4 b4 18.Ne2 cxd4 19.Nfxd4 Ba6 20.Re1 d5 21.exd5 Qd6 22.Nc6 Rbe8 23.Ne5 Nf5
24.Qd2 Bxe5 25.fxe5 Rxe5 26.Kg1 Qc5+ 27.Kh2 Qf2 28.Qxb4 Bxe2 29.Qb3  0-1

[Event "Open"]
[Site "Albena BUL"]
[Date "2009.06.21"]
[Round "2"]
[White "Kirjakov,T"]
[Black "Spiridonov,Niko1"]
[Result "0-1"]
[WhiteElo "2115"]
[BlackElo "2359"]

1.e4 c5 2.Nf3 Nc6 3.Nc3 g6 4.d4 cxd4 5.Nxd4 Bg7 6.Be3 Nf6 7.Be2 O-O 8.O-O d5
9.exd5 Nb4 10.Qd2 Nbxd5 11.Nxd5 Nxd5 12.Bh6 e5 13.Bxg7 Kxg7 14.Rfd1 Nf4 15.Qe3 Qg5
16.Qg3 Qf6  0-1

[Event "Open"]
[Site "Teplice CZE"]
[Date "2009.06.21"]
[Round "9"]
[White "Jurcik,Mart"]
[Black "Vondra,Z"]
[Result "1/2-1/2"]
[WhiteElo "2331"]
[BlackElo "2155"]

1.e4 c5 2.Nc3 Nc6 3.Nge2 Nf6 4.d4 cxd4 5.Nxd4 e6 6.a3 d5 7.Bb5 Bd7 8.exd5 Nxd4
9.Bxd7+ Qxd7 10.Qxd4 Be7 11.Be3 exd5 12.Rd1 O-O 13.Nxd5 Nxd5 14.Qxd5 Qa4
15.c3 Rfd8 16.Qf3 Qc2  1/2-1/2

[Event "zt 2.3"]
[Site "San Jose CRC"]
[Date "2009.06.24"]
[Round "9"]
[White "Gongora Montes,B"]
[Black "Hernandez Basante,F"]
[Result "0-1"]
[WhiteElo "2251"]
[BlackElo "2278"]

1.e4 c5 2.Nf3 Nc6 3.Nc3 g6 4.Bb5 Bg7 5.O-O Nd4 6.Re1 e6 7.e5 Qc7 8.Bf1 a6
9.d3 Ne7 10.Bf4 Nec6 11.Ne4 O-O 12.Nxc5 Nxf3+ 13.gxf3 f6 14.Bg3 fxe5 15.c3 b6
16.Ne4 d5 17.Nd2 Qe7 18.Qb3 h5 19.d4 h4 20.Qxb6 Bd7 21.Bxe5 Nxe5 22.dxe5 Qg5+
23.Kh1 Qxd2 24.Qd6 Rf7 25.Re2 Qf4 26.Re3 h3 27.Bxh3 Bf8 28.Qb6 Rh7 29.Bxe6+ Kh8
30.h3 Bc5 31.Qxc5 Bxe6 32.Qc6 Rxh3+ 33.Kg1 Qg5+ 34.Kf1 Rb8 35.Qxe6 Rh1+ 36.Ke2 Rxa1
37.b4 Rxa2+ 38.Kd3 Qf5+ 39.Qxf5 gxf5 40.e6 Kg7 41.Kd4 Kf6 42.Kxd5 Rc8 43.Rd3 Rd8+
44.Kc4 Rxd3 45.Kxd3  0-1

[Event "zt 3.4 w"]
[Site "Tashkent UZB"]
[Date "2009.06.24"]
[Round "10"]
[White "Sabirova,O"]
[Black "Turebayeva,A"]
[Result "1-0"]
[WhiteElo "2192"]
[BlackElo "2202"]

1.e4 c5 2.Nc3 Nc6 3.Bb5 Nd4 4.Bc4 g6 5.Nf3 Bg7 6.Nxd4 cxd4 7.Qf3 Nh6 8.Ne2 O-O
9.d3 Ng4 10.Bb3 d6 11.Qg3 Nf6 12.h4 Be6 13.Nxd4 Nxe4 14.dxe4 Bxd4 15.h5 Qa5+
16.Bd2 Qe5 17.Qh4 Qxh5 18.Qxh5 gxh5 19.c3 Bf6 20.Rxh5 Rfc8 21.f3 Bxb3 22.axb3 Rc5
23.Rh3 Rb5 24.b4 d5 25.Rh5 e5 26.Kd1 dxe4 27.fxe4 a6 28.Be3 a5 29.Bc5 Rd8+
30.Kc2 axb4 31.Bxb4 Kg7 32.Rah1 Rh8 33.R1h3 h6 34.Bd6 Bg5 35.b4 f6 36.Bc5 Rc8
37.Rd3 b6 38.Bd6 f5 39.Kb3 fxe4 40.Rd1 e3 41.c4 Rd8 42.cxb5 e2 43.Re1 Rxd6
44.Rxe2 Rd3+ 45.Kc2 Rd5 46.Kc3 Kf6 47.Rh3 Rd8 48.Rd3 Rc8+ 49.Kb3 Kf5 50.Rc3 Rb8
51.Rc6 e4 52.Kc4 e3 53.Rd6 Bf4 54.Rd5+ Ke4 55.Rd4+ Ke5 56.Kd3 Ra8 57.Re4+ Kf5
58.Rc4 Rd8+ 59.Rd4 Ra8 60.Rc2 Ra3+ 61.Ke2 Ra1 62.Rd8 Bg5 63.Rd1 Ra4 64.Rd6 Rxb4
65.Rxb6 Rb1 66.Rb8 Rg1 67.b6 Rxg2+ 68.Kd3 Rg1 69.b7 Rb1 70.Rf8+ Kg4 71.b8=Q Rxb8
72.Rxb8 Kg3 73.Re2  1-0

[Event "zt 3.4"]
[Site "Tashkent UZB"]
[Date "2009.06.24"]
[Round "11"]
[White "Dzhumaev,M"]
[Black "Pak,Y"]
[Result "1/2-1/2"]
[WhiteElo "2552"]
[BlackElo "2328"]

1.e4 c5 2.Nf3 Nc6 3.Nc3 d6 4.g3 e5 5.Bg2 g6 6.d3 Bg7 7.O-O Nge7 8.Nd2 O-O
9.Nc4 Be6 10.f4 exf4 11.gxf4 f5 12.Ne3 Rb8 13.Qe1 Nd4 14.a4 Qd7 15.Bd2 Rf7
16.Qh4 Rbf8 17.Rae1 Bf6 18.Qg3 Bg7 19.a5 Kh8 20.Kh1 Ng8 21.Ncd5 Bxd5 22.exd5 Re7
23.b4 cxb4 24.Bxb4 Rxe3 25.Qxe3 Nxc2 26.Qxa7 Nxb4 27.Rb1 Qb5 28.Rfc1 Re8
29.Rc4 Qa6 30.Qxa6 Nxa6 31.d4 Re7 32.Bf1 Bh6 33.Rc2 Bxf4 34.Rcb2 Be3 35.Rxb7 Nc7
36.Re1 f4 37.Re2 Nxd5 38.a6 Re8 39.a7 Ra8 40.Bg2 Nc3 41.Reb2 Bxd4 42.Rxh7+ Kxh7
43.Bxa8 Kh6 44.Rb3 Bxa7 45.Rxc3 Nf6 46.Kg2 Bd4 47.Rd3 Bc5 48.Kf3 Kg5 49.Rd2 Kf5
50.Bb7 g5 51.h3 Ng8 52.Bc8+ Kf6 53.Bb7 Ne7 54.Be4 Ke5 55.Rg2 Kf6 56.Kg4 Be3
57.Kh5 Nf5 58.Bxf5 Kxf5 59.Rxg5+ Ke4 60.Kg4 f3 61.Rb5 f2 62.Rb1 d5 63.Kg3 d4
64.h4 d3 65.h5 d2 66.Rh1 Bd4 67.h6 Ke3 68.h7 Ke2 69.Kg2  1/2-1/2

[Event "Open"]
[Site "Albena BUL"]
[Date "2009.06.25"]
[Round "6"]
[White "Szamoskozi,G"]
[Black "Dimov,V"]
[Result "1/2-1/2"]
[WhiteElo "2307"]
[BlackElo "2013"]

1.e4 c5 2.Nc3 Nc6 3.Nf3 g6 4.d4 cxd4 5.Nxd4 Bg7 6.Be3 Nf6 7.Bc4 O-O 8.Bb3 d6
9.h3 Bd7 10.O-O Na5 11.Qd3 Nxb3 12.axb3 a6 13.Rfe1 Rc8 14.f4 Qc7 15.Nf3 Rfd8
16.Nd2 d5 17.e5 Bf5 18.Qd4 Qc6 19.g4 Be6 20.Re2 b5 21.b4 Nd7 22.Nf3 f6 23.Rd1 fxe5
24.Nxe5 Nxe5 25.fxe5 Qc7 26.Qb6 Qd7 27.Bf2 Rc6 28.Qe3 Rc4 29.Rd4 Qc7 30.Bg3 Rf8  1/2-1/2

[Event "5th Open"]
[Site "Sort ESP"]
[Date "2009.06.25"]
[Round "2"]
[White "Devangi,P"]
[Black "Shristi,J"]
[Result "1-0"]
[WhiteElo "2078"]
[BlackElo "1949"]

1.e4 c5 2.Nf3 Nc6 3.Nc3 Nf6 4.Bb5 Nd4 5.e5 Nxb5 6.Nxb5 Nd5 7.Ng5 h6 8.Nxf7 Kxf7
9.Qf3+ Nf6 10.exf6 gxf6 11.Qh5+ Kg8 12.Qxc5 e6 13.Qc3 Kf7 14.Qf3 d5 15.O-O Bd7
16.Nd4 Bc5 17.Qh5+ Ke7 18.Nb3 Bb6 19.Re1 Be8 20.Qg4 Bf7 21.d3 Qd7 22.c4 Rag8
23.Qf3 e5 24.d4 e4 25.Nc5 Bxc5 26.dxc5 f5 27.Bf4 Kd8 28.Qa3 Rg4 29.g3 Rhg8
30.Kh1 Bh5 31.Qxa7 Rxf4 32.Qb8+ Qc8 33.Qxf4 Bf3+ 34.Kg1 d4 35.Qe5 d3 36.Qd5+ Ke7
37.Qxd3 Kf7 38.Qd5+ Kg7 39.Rad1 Bxd1 40.Rxd1 Kh8 41.b4 h5 42.Qd7 Qf8 43.Rd5  1-0

[Event "zt 3.4"]
[Site "Tashkent UZB"]
[Date "2009.06.25"]
[Round "13"]
[White "Iuldachev,S"]
[Black "Annaberdiyev,B"]
[Result "1-0"]
[WhiteElo "2497"]
[BlackElo "2244"]

1.e4 c5 2.Nc3 Nc6 3.Bb5 Nd4 4.Bc4 e6 5.Nf3 a6 6.Nxd4 cxd4 7.Ne2 b5 8.Bb3 Qh4
9.d3 Bc5 10.O-O Bb7 11.Bf4 Ne7 12.Qd2 h6 13.c3 Nc6 14.Rac1 Qe7 15.cxd4 Nxd4
16.Nxd4 Bxd4 17.Rc7 Bc8 18.Be3 Be5 19.Rcc1 O-O 20.f4 Bb8 21.f5 exf5 22.Rxf5 d5
23.Rf2 Bb7 24.Rcf1 Bd6 25.Qe2 Qh4 26.g3 Qh3 27.d4 Rad8 28.e5 Be7 29.Bc2 Bc8
30.Qd3 g6 31.Qd2 h5 32.Bg5 Bxg5 33.Qxg5 Qg4 34.Qe3 Be6 35.Rf6 Rc8 36.Bd3 Rc4
37.R6f4 Qg5 38.h4 Qh6 39.Qf3 Rc7 40.Rf6 Rc1 41.Qf4 Qxf4 42.gxf4 Rfc8 43.Rxc1 Rxc1+
44.Kf2 Rh1 45.Bxg6 Rxh4 46.f5 Bd7 47.Bxf7+ Kg7 48.Bxd5 Rf4+ 49.Ke3 Rxf5 50.Rxf5 Bxf5
51.Kf4  1-0

[Event "Ol Small Eur Countries"]
[Site "Andorra la Vella AND"]
[Date "2009.06.26"]
[Round "8"]
[White "Hamperl,F"]
[Black "Gallego,R"]
[Result "0-1"]
[WhiteElo "2075"]
[BlackElo "2235"]

1.e4 c5 2.Nc3 Nc6 3.Bb5 g6 4.Bxc6 dxc6 5.d3 Bg7 6.f4 Nf6 7.Nf3 O-O 8.O-O Bg4
9.h3 Bxf3 10.Qxf3 Ne8 11.Be3 b6 12.Rae1 Nc7 13.f5 Nb5 14.Nxb5 cxb5 15.c3 Qxd3
16.Rd1 Qc4 17.Rd7 Rfe8 18.e5 Rad8 19.e6 Rxd7 20.exd7 Rd8 21.Rd1 gxf5 22.Bf4 e5
23.Bg5 f6 24.Bc1 Qe6 25.Qb7 Kf7 26.Qxa7 Ke7 27.Be3 f4 28.Bf2 e4 29.Bxc5+ bxc5
30.Qxc5+ Kf7 31.Rd6 Qe7 32.Qd5+ Kf8 33.Kf1 f3 34.gxf3 exf3 35.Qd3 Bh6 36.Rd5 Be3
37.h4 Qe6 38.Qf5 Qxf5 39.Rxf5 f2 40.Ke2 Ba7 41.Rxf6+ Ke7 42.Rh6 Rg8 43.Rxh7+ Kd8
44.Rf7 Rg1 45.Rxf2 Bxf2 46.Kxf2 Ra1 47.Ke3 Rxa2 48.b3 Kxd7 49.Kd4 Kc6  0-1

[Event "XVII Open"]
[Site "Montcada i Reixac ESP"]
[Date "2009.06.26"]
[Round "1"]
[White "Cornette,M"]
[Black "Martinez Ramirez,E"]
[Result "1-0"]
[WhiteElo "2573"]
[BlackElo "1962"]

1.e4 c5 2.Nc3 Nc6 3.Bb5 g6 4.Bxc6 dxc6 5.d3 Bg7 6.Be3 b6 7.Qd2 e5 8.Nge2 Nf6
9.Bh6 O-O 10.O-O Bxh6 11.Qxh6 Ng4 12.Qc1 f5 13.exf5 Rxf5 14.h3 Nf6 15.Ng3 Rf4
16.Nce2 Nd5 17.c4 Rh4 18.cxd5 Bxh3 19.gxh3 cxd5 20.f4 Rxh3 21.fxe5 Rh4 22.Rf4 Rh6
23.Rf6  1-0

[Event "Open"]
[Site "Pula CRO"]
[Date "2009.06.27"]
[Round "1"]
[White "Zivkovic,Vj"]
[Black "Kvaternik,K"]
[Result "1-0"]
[WhiteElo "2413"]
[BlackElo "2011"]

1.e4 c5 2.Nf3 Nc6 3.Nc3 g6 4.d4 cxd4 5.Nxd4 Bg7 6.Be3 d6 7.Qd2 Nf6 8.f3 a6
9.O-O-O Nxd4 10.Bxd4 Qa5 11.Bc4 O-O 12.Kb1 b5 13.Bb3 Bb7 14.Nd5 Qd8 15.Nxf6+ exf6
16.Bc3 a5 17.Qxd6 b4 18.Qxd8 Rfxd8 19.Bd4 a4 20.Bc4 Rac8 21.b3 axb3 22.cxb3 Rc6
23.Bd5 Rcd6 24.Bc5 R6d7 25.Bxb4 f5 26.Ba5 fxe4 27.Bxf7+ Rxf7 28.Rxd8+ Rf8
29.Rxf8+ Kxf8 30.Kc2 exf3 31.gxf3 g5 32.Bc3 Bh6 33.Rf1 Ke7 34.a4 Kd6 35.b4 Bf8
36.Rd1+ Kc7 37.b5 Bxf3 38.Ba5+  1-0

[Event "King's Gambit A"]
[Site "Lipetsk RUS"]
[Date "2009.06.28"]
[Round "6"]
[White "Zontakh,A"]
[Black "Gladyszev,O"]
[Result "1/2-1/2"]
[WhiteElo "2581"]
[BlackElo "2434"]

1.e4 c5 2.Nf3 Nc6 3.Nc3 Nf6 4.Bb5 g6 5.e5 Ng4 6.Bxc6 dxc6 7.h3 Nh6 8.g4 Bg7
9.d3 O-O 10.Qe2 f6 11.Bd2 Nf7 12.O-O-O Nxe5 13.Nxe5 fxe5 14.h4 Be6 15.h5 Bf7
16.Ne4 b5 17.Kb1 a5 18.hxg6 Bxg6 19.f3 Qd5 20.Bh6 a4 21.Bxg7 Kxg7 22.Rhe1 a3
23.Nc3 Qxf3 24.Qxe5+ Qf6 25.Qxc5 Rf7 26.bxa3 Qd6 27.Qxd6 exd6 28.Kb2 Rfa7
29.Nb1 c5 30.c3 Ra4 31.d4 b4 32.cxb4 cxb4 33.Re3 Bxb1  1/2-1/2

[Event "Open"]
[Site "Pula CRO"]
[Date "2009.06.28"]
[Round "2"]
[White "Biti,O"]
[Black "Vincenzi,M"]
[Result "1-0"]
[WhiteElo "2356"]
[BlackElo "2107"]

1.e4 c5 2.Nc3 Nc6 3.Bb5 Nd4 4.Bc4 e6 5.Nge2 Ne7 6.Nxd4 cxd4 7.Ne2 Nc6 8.O-O Be7
9.d3 O-O 10.Bb3 d5 11.exd5 exd5 12.Nf4 Bd6 13.Nxd5 Na5 14.Qh5 Nxb3 15.axb3 Re8
16.Bf4 Bxf4 17.Nxf4 Qd6 18.Rfe1 Bd7 19.Qd5 Qxd5 20.Nxd5 Kf8 21.Rxe8+ Rxe8
22.Kf1 a6 23.f3 Re6 24.Nf4 Rc6 25.Rc1 g5 26.Ne2 Rd6 27.Kf2 Be6 28.Ra1 Bd7
29.Re1 Kg7 30.Ng3 Rc6 31.Re2 Be6 32.Ke1 Kg6 33.Kd2 f5 34.Re5 h5 35.Ne2 Kf6
36.Ra5 Rd6 37.f4 b5 38.fxg5+ Kxg5 39.Ra1 h4 40.Rf1 Bd5 41.g3 hxg3 42.hxg3 Bg2
43.Rf4 a5 44.Nxd4 Rd5 45.c4 bxc4 46.bxc4 Re5 47.Rf2 Bh3 48.Nf3+  1-0

[Event "Open Duras BVK FIDE"]
[Site "Brno CZE"]
[Date "2009.06.29"]
[Round "4"]
[White "Balazec,L"]
[Black "Zitny,P"]
[Result "1-0"]
[WhiteElo "2032"]
[BlackElo "1955"]

1.e4 c5 2.Nc3 Nc6 3.Nge2 d6 4.d4 cxd4 5.Nxd4 Nf6 6.Bg5 Qb6 7.Nb3 Be6 8.Be3 Qd8
9.Be2 g6 10.O-O Bg7 11.f4 Qd7 12.Qe1 O-O 13.Rd1 Qc8 14.Qg3 Nd7 15.f5 Bxb3
16.axb3 Nf6 17.h4 a6 18.h5 Ne5 19.hxg6 fxg6 20.Bd4 Nfd7 21.fxg6 Rxf1+ 22.Bxf1 hxg6
23.Rd2 Qf8 24.Nd5 Rc8 25.c3 Nc5 26.Bxe5 Bxe5 27.Qg4 Bg7 28.Bc4 e6 29.Rf2 b5
30.b4 Nd7 31.g3 Nf6 32.Qh4 Ng4 33.Qxg4 Qe7 34.Rh2 Rf8 35.Qh3 Kf7 36.Qh7 Ke8
37.Qxg6+ Kd8 38.g4 Be5 39.Qh5 Bf4 40.Kh1 Bh6  1-0